MDQL
is popping MORE tags! Check the
thread
!
Quizzes
Events
Quiz Creation
Community
Videos
Private Events
Remove Ads
Sign In
Join for FREE
Feedback
Dark Mode
Quiz Categories
Sports
Geography
Music
Movies
Television
Just For Fun
Miscellaneous
History
Literature
Language
Science
Gaming
Entertainment
Religion
Holiday
For Kids
Quiz Lab
Recent
Popular Today
Quiz Kudos Today
Editor Picks
Curator Picks
Quizzes by...
Day
Popularity
Type
Ratings
Length
Year
Community
Subscriptions
Recent Discussions
Orange Saloon
Badges
Playlists
Quests
Create
Leaderboards
Showdown
Live 5
Trivia Bingo
Activity
Puzzle Library
Sporcle Events
Private Events
Virtual Trivia
Globe League
Become a Host
Pub Owners
SporcleCon
Opinionation
Our Games
Videos
Blog
Mobile Apps
Partnerships
Remove Ads and Go Orange
Feedback
History
US Presidents
World Leaders
Politics
Nation
Discovery
War
Decade
Year
Century
Biography
Art
History
US Presidents
World Leaders
Politics
Nation
Discovery
War
Decade
Year
Century
Biography
Art
Random Quiz
Search Sporcle
×
Quiz Lab
Quiz Lab
History
philip
Type in answers that appear in a list
Type in answers that appear in a list
Classic
Best Score? Go Orange.
King Philip II Stats
Can you name the King Philip II?
By
kingphill
7m
12 Questions
11 Plays
11 Plays
11 Plays
Comments
Comments
Give Quiz Kudos
Give Quiz Kudos
-
- Ratings
hide this ad
Replay
Link that replays current quiz
Next Quiz
Link to next quiz in quiz playlist
You Got
0%
They Got
Avg Score
25%
Avg Friend Score
Upgrade to see
Score Distribution
Jump to the score distribution portion of the page
Score
0/12
Timer
07:00
0
Plays Today
Question
Answer
% Correct
Witch cities did i rule?
Spain
54.5%
What is his religious views?
Catholic
45.5%
What is my nickname?
Philip the Prudent
36.4%
Who was my first wife?
Mary the 1st
36.4%
Witch cities did I rule?
Portugal
36.4%
Witch cities did i rule?
Naples
27.3%
Where was he born?
Valladolid
27.3%
What years did I rule?
1527-1598
9.1%
How many wives did i have?
4
9.1%
Witch cities did i rule?
Sicily
9.1%
What ruined his plan to invade England?
The Spanish Armada
9.1%
extra credit..... who is the coolest kid in our group
Jacob Fleisher
9.1%
Quiz Playlist
Details
Report
Send in Message
Add To Playlist
Classic:
Type in answers that appear in a list
Last Updated: Feb 16, 2017
Quiz Scoreboard
CHALLENGE
Sign Up to Join the Scoreboard
Show All
Scores
Hide
Comments
May contain spoilers
Recently Published
Holiday 10x10 Sorting Gallery
by lukepisani3
Holiday
15m
Two Season TV Shows II
by 123Four
Television
10m
Image Sorting: Flags VI
by Barbecue
Geography
2m
More to Explore
Quiz From the Vault
Featured Blog Post
14 Easter Pick-up Lines to Find Eggs With
hide this ad
You Might Also Like...
Tags
King
philip
Today's Top Quizzes in History
Browse History
hide this ad
Today's Top Quizzes in philip
Browse philip
Top Contributed Quizzes in History
1
I Am Born On March 29th
2
Order Up: 1000 Years of World Events I
3
US National Parks Named After People
4
Popular People in 1991
5
Popular People in 1951
6
Popular People in 1981
7
Popular People in 1941
8
Popular People in 1986
9
Popular People in 1976
10
Popular People in 1921
Explore More
Trending Topics
Kpop
Crossword
Harry Potter
Anime
Marvel
NBA
Disney
WWE
The Office
Soccer
Song
NFL
Country
Pokémon
Puzzle
hide this ad
More By:
kingphill
Quiz
Plays
Rating
Category
Featured
Created
King Philip II
11
1.00
History
Dec 1, 2011
Go to Creator's Profile
Score Distribution
Quiz Creator Spotlight
kingphill
Follow
Send a Message
Quizzes Created
-
Created Quiz Play Count
-
More By This Creator
Popular Quizzes Today
1
Find the US States - No Outlines Minefield
2
Colored Red Africa Blitz
3
Find the 'City' Movie
4
The Countries of the World
5
Find the US States
6
5x2 Blitz: Bands
7
Find the Countries of Europe - No Outlines Minefield
8
US States
More History Quizzes
Before or After: Historical Events
Published
Trending Quizzes
Colored Red Europe Blitz I
Colored Red Europe Blitz II
Colored Red Africa Blitz II
Colored Red Europe Blitz III
Colored Red Africa Blitz III
Recently Updated
Odd Team Out - Big 4 Players
pecheneg
Quick Pick: 20 Twenties
pecheneg
March Madness Men's Triple Doubles
pecheneg
How Do You Spell That?
pecheneg
Godzilla Movies
pecheneg
Grab Bag: 4-10 Letters
pecheneg
2024 March Madness Bracket
pecheneg
Famous TV Couples
Peacemaker
Champions League XIs: Real Madrid
pecheneg
Largest US Cities 1790-2010
pecheneg
Trending Topics
Marvel
Kpop
Disney
Anime
Crossword
NBA
Harry Potter
WWE
Country
NFL
Pokémon
Song
Soccer
Puzzle
The Office
Your Account Isn't Verified!
In order to create a playlist on Sporcle, you need to verify the email address you used during registration. Go to your
Sporcle Settings
to finish the process.
Report this User
Report this user for behavior that violates our
Community Guidelines
.
Details:
Send Report
Go to the Sporcle.com Mobile Site →
Comments